The Forest of Forever/ (Record no. 208236)

MARC details
000 -LEADER
fixed length control field 00570nam a22001817a 4500
005 - DATE AND TIME OF LATEST TRANSACTION
control field 20250108170201.0
010 ## - LCCN (DPL NO)
LC control number ENG-143227
020 ## - INTERNATIONAL STANDARD BOOK NUMBER
International Standard Book Number 9788184621495
Terms of availability 175.00
035 ## - SYSTEM CONTROL NUMBER
System control number EN-126759
037 ## - SOURCE OF ACQUISITION
Stock number dpl
Source of stock number/acquisition DBAD
082 ## - DEWEY DECIMAL CLASSIFICATION NUMBER
Classification number 881.02
100 ## - MAIN ENTRY--PERSONAL NAME
Personal name Kamala, Srimati
245 ## - TITLE STATEMENT
Title The Forest of Forever/
Statement of responsibility, etc by Srimati Kamala
260 ## - PUBLICATION, DISTRIBUTION, ETC. (IMPRINT)
Place of publication, distribution, etc Mumbai
Name of publisher, distributor, etc Vakils, Feffer and Simons Pvt.
Date of publication, distribution, etc 2017
270 ## - ADDRESS
Address Industry Manor, 2nd floor, appasaheb marathe Marg Prabhadevi
City Mumbai
Postal code 400025
300 ## - PHYSICAL DESCRIPTION
Extent 121p.
Dimensions 20cm.(pb.)
942 ## - ADDED ENTRY ELEMENTS (KOHA)
Source of classification or shelving scheme Dewey Decimal Classification
Item type English Books
Classification part 881.02
Call number suffix KAM
Holdings
Withdrawn status Lost status Not for loan Collection code Home library Current library Date acquired Source of acquisition Cost, normal purchase price Full call number Barcode Copy number Cost, replacement price Koha item type
      Non-fiction Kadipur Kadipur 08/01/2025 Delivery of Books Division 175.00 881.02 KAM EN-126759 1 175.00 English Books

© Delhi Public Library
Hit Counter
free hit counter